000 02897nam a2200301 i 4500
001 991061308315506706
005 20250619133648.0
008 250402e202410 spca||| |||| 0|1 0 spa|
015 _aLL2025
_2bnc
017 _aDL B 16975-2024
_bBiblioteca de Catalunya
020 _a9788482987712
040 _aES-BaBC
_bcat
_erda
_cES-BaBC
041 1 _aSpanish
_hEnglish
100 _aEngelhaupt, Erika,
_eauthor
_925536
240 1 0 _aGory details.
_lSpanish
245 1 0 _aDetalles macabros
_b: historias del lado oscuro de la ciencia
_c/ Erika Engelhaupt ; traducción de Ricardo García Herrero
250 _aFirst edition
264 1 _a[Barcelona] :
_bNational Geographic,
_c2024
300 _a333 pages:
_billustrations;
_c22 cm
504 _aÍndex
520 _aPacked with mind-bending facts, this wickedly entertaining narrative from the author of National Geographic’s popular Gory Details blog takes readers on a riveting journey through the bizarre and fascinating corners of science. Blending sharp humour with solid journalism in the spirit of Mary Roach, acclaimed science writer Erika Engelhaupt delves into the strange, the gross, and the downright absurd mysteries of our bodies and the universe around us. From a biologist who stung himself with nearly every insect imaginable to an investigation of the world’s most lethal mammals, this book uncovers the overlooked but irresistibly curious side of biology, anatomy, space exploration, and nature. Featuring interviews with leading scientists and served with a generous helping of wit, this provocative and enlightening read showcases the unexpected wonders of science in all their messy, marvellous glory.
520 _aRepleto de datos que desafían la mente, este relato tan entretenido como irreverente —obra de la autora del popular blog Gory Details de National Geographic— nos lleva a un fascinante viaje por los rincones más extraños y sorprendentes de la ciencia. Combinando un agudo sentido del humor con un periodismo riguroso al estilo de Mary Roach, la reconocida divulgadora científica Erika Engelhaupt se sumerge en los misterios más insólitos, escabrosos y absurdos de nuestro cuerpo y del universo que nos rodea. Desde un biólogo que se dejó picar por casi todos los insectos imaginables hasta una investigación sobre los mamíferos más letales del planeta, este libro revela el lado más curioso —y a menudo ignorado— de la biología, la anatomía, la exploración espacial y la naturaleza. Con entrevistas a destacados investigadores y una generosa dosis de ingenio, esta lectura provocadora y reveladora celebra las maravillas inesperadas de la ciencia en todo su glorioso —y caótico— esplendor.
650 0 _aLife sciences
_97317
650 0 _aMedicine
_925537
653 _aCuriosities and enigmas
700 _aGarcía Herrero, Ricardo,
_etranslator
_925538
942 _2lcc
999 _c4777
_d4777